| 000 | 00620nam a2200181 i 4500 | ||
|---|---|---|---|
| 001 | 132174 | ||
| 003 | ES-MaACL | ||
| 005 | 20250927140012.0 | ||
| 007 | t| | ||
| 008 | 070214s1954 sp r ||||1| spa d | ||
| 100 | 1 |
_aRodríguez Valencia, Vicente. _998849 |
|
| 245 | 1 | 0 |
_aSanto Toribio Alfonso Mogrovejo, natural de Mayorga / _cpor Vicente Rodríguez Valencia. |
| 260 |
_aValladolid : _bE. F. P. O. `Gran Promesa`, _c1954. |
||
| 300 |
_aVIII, 63 p., 1 lám. : _bil. ; _c21 cm. |
||
| 600 | 1 | 7 |
_aToribio de Mogrovejo, _cSanto, _d1538-1606 _2 _9164618 |
| 852 |
_aES-MaACL _j1978-F-9 _bR.36695 |
||
| 999 |
_c132174 _d132174 |
||